The evolving coast
I tiakina i:
| Kaituhi matua: | |
|---|---|
| Hōputu: | Pukapuka |
| Reo: | Ingarihi |
| I whakaputaina: |
New York, USA:
Scientific American Library,
1997
|
| Putanga: | 2a. ed |
| Rangatū: | Sceintific American Library Paperbacks
|
| Ngā marau: | |
| Urunga tuihono: | Disponible Online |
| Ngā Tūtohu: |
Tāpirihia he Tūtohu
Kāore He Tūtohu, Me noho koe te mea tuatahi ki te tūtohu i tēnei pūkete!
|
MARC
| LEADER | 00000cam a2200000 a 4500 | ||
|---|---|---|---|
| 001 | UCM0764 | ||
| 003 | CL-VaPUC | ||
| 005 | 20211210074349.0 | ||
| 008 | 020308e19970000US |||||||||||||||||eng|d | ||
| 999 | |c 299595 |d 299593 | ||
| 020 | |a 0716760215 | ||
| 040 | |c Pontificia Universidad Católica de Valparaíso | ||
| 082 | 0 | 4 | |a 551.47 DAV 1997 |2 21 |
| 100 | 0 | |a Davis, Richard A |e author |9 467739 | |
| 245 | 1 | 4 | |a The evolving coast |
| 250 | |a 2a. ed | ||
| 260 | |a New York, USA: |b Scientific American Library, |c 1997 | ||
| 300 | |a 233 páginas | ||
| 490 | 0 | |a Sceintific American Library Paperbacks | |
| 583 | |a last modification |c 20120828 11:56:10 |k Rodrigo Vera | ||
| 650 | 0 | |a Oceanografía |9 260014 | |
| 650 | 0 | |a Cambios costeros |2 CL-VaPUC |9 467740 | |
| 650 | 0 | |a Erosión del suelo |9 361524 | |
| 650 | 0 | |a Costas |9 261336 | |
| 856 | |u http://bibliografiadigital.pucv.cl.pucv.idm.oclc.org/index.php/bibliotecapucv/catalog/book/869 |y Disponible Online | ||
| 942 | |c BK |2 ddc | ||
| 945 | |d 20020308 00:00:00 |a cmena | ||
| 952 | |0 0 |1 0 |2 ddc |4 0 |6 551_470000000000000_DAV_1997 |7 0 |8 A |9 356317 |a BIBCUR |b BIBCUR |d 2019-11-21 |i 3796159 |o 551.47 DAV 1997 |p 3796159 |r 2025-04-22 |w 2019-11-21 |y BK |k RNT | ||
| 952 | |0 0 |1 0 |2 ddc |4 0 |6 551_470000000000000_DAV_1997 |7 0 |8 A |9 356318 |a BIBCUR |b BIBCUR |d 2019-11-21 |i 4896904 |o 551.47 DAV 1997 |p 4896904 |r 2025-04-22 |w 2019-11-21 |y BK |k CIM | ||
| 952 | |0 0 |1 0 |2 ddc |4 0 |6 551_470000000000000_DAV_1997 |7 0 |8 A |9 356319 |a BIBCUR |b BIBCUR |d 2019-11-21 |i 4896912 |o 551.47 DAV 1997 |p 4896912 |r 2025-04-22 |w 2019-11-21 |y BK |k CIM | ||